| 000 | 00901cas a2200265 a 4500 | ||
|---|---|---|---|
| 001 | 50615 | ||
| 003 | BD-RjUL | ||
| 005 | 20211209075534.0 | ||
| 008 | 160828d19521951enkar 0 a0eng | ||
| 035 | _a(OCoLC)ocm05985530 | ||
| 035 | _a(BD-RjUL)50735 | ||
| 040 |
_aDLC _cVA@ _dNYG _dOCL _dNST _dOCL _dZCU _beng |
||
| 041 | _aeng | ||
| 082 |
_223 _a378.42 _bEXA 1952 |
||
| 099 |
_a378.42 _aOA15 |
||
| 110 | 2 |
_aUniversity of Oxford. _9151562 |
|
| 245 | 1 | 4 |
_aThe examination statutes : _b together with the regulations of the Boards of Studies and Boards of Faculties / |
| 260 |
_aOxford, England : _bClarendon Press, _c1951 [printing 1952] |
||
| 300 |
_a503 p. ; _c22 cm. |
||
| 500 | _aDescription based on: 1922/23. | ||
| 650 | 0 |
_aUniversity of Oxford _zAdministration. _9151557 |
|
| 785 | 0 | 0 |
_aUniversity of Oxford. _tExamination decrees _w(OCoLC)17481862 |
| 942 |
_2ddc _cBK |
||
| 999 |
_c50615 _d50615 |
||